Central Library OPAC University of Rajshahi

An introduction to fuzzy sets : (Record no. 38288)

MARC details
000 -LEADER
fixed length control field 00833pam a2200265 a 4500
001 - CONTROL NUMBER
control field 38288
003 - CONTROL NUMBER IDENTIFIER
rucl marc code (BD-RjUL)
005 - DATE AND TIME OF LATEST TRANSACTION
control field 20211209052751.0
008 - FIXED-LENGTH DATA ELEMENTS--GENERAL INFORMATION
fixed length control field 970813s1998 maua b 001 0 eng
020 ## - INTERNATIONAL STANDARD BOOK NUMBER
International Standard Book Number 812032465X
International Standard Book Number 9788120324657
035 ## - SYSTEM CONTROL NUMBER
System control number (BD-RjUL)
040 ## - CATALOGING SOURCE
Original cataloging agency DLC
Transcribing agency (BD-RjUL)
Modifying agency DLC
082 00 - DEWEY DECIMAL CLASSIFICATION NUMBER
Classification number 006.3
Edition number 21
Author mark and year PEI 1998
100 1# - MAIN ENTRY--PERSONAL NAME
Personal name Pedrycz, Witold,
9 (RLIN) 118352
245 13 - TITLE STATEMENT
Title An introduction to fuzzy sets :
Remainder of title analysis and design /
Statement of responsibility, etc. Witold Pedrycz and Fernando Gomide.
260 ## - PUBLICATION, DISTRIBUTION, ETC. (IMPRINT)
Place of publication, distribution, etc. India, New Delhi;
Name of publisher, distributor, etc. Prentic Hall of India,
Date of publication, distribution, etc. c1998.
300 ## - PHYSICAL DESCRIPTION
Pagination xxiv, 465 p. :
Illustrations ill. ;
Size 27 cm.
504 ## - BIBLIOGRAPHY, ETC. NOTE
Bibliography, etc Includes bibliographical references and index.
650 #0 - SUBJECT ADDED ENTRY--TOPICAL TERM
Topical term or geographic name as entry element Fuzzy sets.
9 (RLIN) 118353
700 1# - ADDED ENTRY--PERSONAL NAME
Personal name Gomide, Fernando.
830 #0 - SERIES ADDED ENTRY--UNIFORM TITLE
Uniform title Complex adaptive systems
942 ## - ADDED ENTRY ELEMENTS (KOHA)
Source of classification or shelving scheme Dewey Decimal Classification
Koha item type Books
Holdings
Lost status Source of classification or shelving scheme Damaged status Not for loan Permanent Location Current Location Shelving location Date acquired Total Checkouts Full call number Date last seen Copy number Koha item type
  Dewey Decimal Classification   Not For Loan Department of Information and Communication Engineering (ICE) Library Department of Information and Communication Engineering (ICE) Library Seminar Library 01/11/2015   006.3 PEI 1998 01/11/2015 C.1 Books